000 01298aam a2200397a 44500
008 930106s1991 cat
017 _aB-20982-1991
020 _a8439317174
041 _acat
041 _bspa
080 _a615.11(038)
100 _aCasassas, O.
_960838
245 _aVocabulari de la prescripció: Els mots i les locucions d'una recepta
245 _cJoaquim Ramis i Coris
245 _cOriol Casassas
260 _a[Barcelona]
260 _bGeneralitat de Catalunya. Departament de Sanitat i Seguretat Social
260 _c1991
300 _a77 p.
_c21 cm
500 _aVocabulari castellà-català: p.68-74
520 _aaprox. 500
591 _a3134
592 _aObra terminològica
593 _aEC
593 _aECU
594 _a3134
650 _amedicina clínica
_963373
650 _aprescripció mèdica
_964638
700 _aRamis i Coris, J.
_960839
856 _uhttps://canalsalut.gencat.cat/web/.content/_Professionals/Recursos/altres_recursos_interes/serveis_linguistics/diccionaris_terminologia/altres_recursos_terminologics/colleccio_reculls_lexicografics/documents/arxius/rele01.pdf
901 _c<1991>
902 _a930106
942 _cMO
_n0
_2ddc
999 _c53894
_d53894